LEADER 01148nam--2200409---450- 001 990003306630203316 005 20091006152432.0 010 $a978-2-253-04193-1 035 $a000330663 035 $aUSA01000330663 035 $a(ALEPH)000330663USA01 035 $a000330663 100 $a20090907d1986----km-y0itay50------ba 101 $afre 102 $aFR 105 $a||||||||001yy 200 1 $aLeon l'Africain$fAmin Maalouf 210 $a[Paris]$cLattes$dcopyr. 1986 215 $a346 p.$d18 cm 225 2 $a<> livre de poche$v6359 410 0$12001$a<> livre de poche 454 1$12001 461 1$1001-------$12001 606 0 $aLetteratura maghrebina$xNarrativa$zSec. 20. 676 $a943.914 700 1$aMAALOUF,$bAmin$0243958 801 0$aIT$bsalbc$gISBD 912 $a990003306630203316 951 $bII.10.A.25$b9228 DSLL 959 $aBK 969 $aDSLL 979 $aDSLL$b90$c20090907$lUSA01$h1217 979 $aDSLL$b90$c20090907$lUSA01$h1217 979 $aDSLL$b90$c20091005$lUSA01$h1342 979 $aDSLL$b90$c20091006$lUSA01$h1524 996 $aLeon l'africain$9653556 997 $aUNISA LEADER 01221nam a2200301 i 4500 001 991000813999707536 005 20020506124556.0 008 960308s1968 us ||| | eng 035 $ab10133331-39ule_inst 035 $aLE00637281$9ExL 040 $aDip.to Fisica$bita 084 $a53.3.1 084 $a510.46.40 084 $a531.16 100 1 $aSchwartz, Laurent$03913 245 10$aApplication of distributions to the theory of elementary particles in quantum mechanics /$cLaurent Schwartz 260 $aNew York :$bGordon and Breach Science Publishers,$c1968 300 $a134 p. ;$c24 cm. 490 0 $aDocuments on modern physics 650 4$aParticles (Nuclear physics) 650 4$aQuantum theory 907 $a.b10133331$b17-02-17$c27-06-02 912 $a991000813999707536 945 $aLE006 510.46.40 SCH$g1$i2006000022569$lle006$o-$pE0.00$q-$rl$s- $t0$u0$v0$w0$x0$y.i1015680x$z27-06-02 945 $aLE006 510.46.40 SCH$g1$i2006000022590$lle006$o-$pE0.00$q-$rl$s- $t0$u0$v0$w0$x0$y.i10156811$z27-06-02 996 $aApplication of distributions to the theory of elementary particles in quantum mechanics$9185950 997 $aUNISALENTO 998 $ale006$b01-01-96$cm$da $e-$feng$gus $h0$i2